Weltklasse mit Benchmarking. <Ein> Werkzeug zur Verbesserung der Leistungsfähigkeit aller Unternehmensbereiche.

Cieľ benchmarkingu - orientácia všetkých aktivít na svetové štandardy a implantácia potrebných procesov a metód na ich dosiahnutie vo vlastnom podniku. Porovnávanie výrobku, služieb a zvlášť procesov a metód podnikových funkcií vo viacerých podnikoch. Parametre a fázy uskutočňovania benchmarkingu.

Guardado en:
Detalles Bibliográficos
Autor principal: Herter, R.N
Formato: Capítulo de libro
Lenguaje:alemán
Materias:
Etiquetas: Agregar Etiqueta
Sin Etiquetas, Sea el primero en etiquetar este registro!

MARC

LEADER 00000naa a2200000 4500
001 r010644
005 20221130112927.4
041 0 |a ger 
044 |a DE 
245 1 0 |a Weltklasse mit Benchmarking.  |b <Ein> Werkzeug zur Verbesserung der Leistungsfähigkeit aller Unternehmensbereiche.  |c R.N. Herter 
520 |a Cieľ benchmarkingu - orientácia všetkých aktivít na svetové štandardy a implantácia potrebných procesov a metód na ich dosiahnutie vo vlastnom podniku. Porovnávanie výrobku, služieb a zvlášť procesov a metód podnikových funkcií vo viacerých podnikoch. Parametre a fázy uskutočňovania benchmarkingu. 
610 2 0 |a podnik 
610 2 0 |a funkcie podniku 
610 2 0 |a výrobky 
610 2 0 |a služby pre podniky 
610 2 0 |a výkony podnikové 
610 2 0 |a porovnanie medzipodnikové 
610 2 0 |a benchmarking 
100 1 |a Herter, R.N.